000 00935nam a22003370a 4500
001 PT30561
003 AR-LpoUNG
005 20210131233634.0
008 191001s2008||||ag |||||||||||||||||spa d
020 _a9789879872970
_c$100
040 _aAR-LpoUNG
_bspa
_cAR-LpoUNG
_eaacr
041 _aspa
044 _aag
082 0 _a982.062 577emb
100 1 _aCipolla, Damián
245 1 3 _aLa embajadora de la paz :
_bla gira internacional de Eva Perón
250 _a1ra ed.
260 _aBuenos Aires :
_bInstituto Nacional de Investigaciones Históricas Eva Perón,
_c2008.
300 _a251 p. :
_bfot.
650 4 _aANALISIS HISTORICO
650 4 _aARGENTINA
650 4 _aHISTORIA POLITICA
650 4 _aPOLITICA EXTERIOR
650 4 _aRELACIONES INTERNACIONALES
651 4 _aArgentina
653 _aPERONISMO
700 1 _aMacek, Laura
700 1 _aMartínez, Romina
905 _a30561
942 _cLSALA
999 _c21882
_d21882